| 000 | 00459nam a2200181 a 4500 | ||
|---|---|---|---|
| 005 | 20210219152351.0 | ||
| 008 | 991125s1947 mx 000 0 spa u | ||
| 035 | _aUPN01000052441 | ||
| 049 | _aCG | ||
| 050 | 4 | _aPN603 P5.78 | |
| 100 | 1 | _aPicard, Roger | |
| 245 | 1 | 3 |
_aEl romanticismo social / _cRoger Picard ; tr. Blanca Chacel |
| 260 |
_aMéxico : _bFCE, _c1947 |
||
| 300 | _a363 p. | ||
| 650 | 4 | _aROMANTICISMO | |
| 904 |
_aAC _b052443 |
||
| 905 | _aLibro | ||
| 999 |
_c52441 _d52441 |
||